2023-24 NAME THE NFL PLAYER BY PICTURE #3 - Statistics

General Stats
  • This quiz has been taken 177 times
  • The average score is 13 of 20
Answer Stats
Picture Answer % Correct
Baker Mayfield
91%
Anthony Richardson
90%
Tyler Boyd
89%
Andy Dalton
88%
Trey Lance
81%
David Njoku
79%
Chuba Hubbard
75%
Ezekiel Elliott
73%
Tyler Allgeier
70%
Tank Dell
69%
Donovan Peoples-Jones
65%
Elijah Mitchell
65%
Hayden Hurst
62%
Alexander Mattison
58%
Zack Moss
58%
Mike Gesicki
55%
Curtis Samuel
48%
Rashid Shaheed
46%
Isaiah Hodgins
38%
C.J. Uzomah
35%
No matching quizzes found
Score Distribution
Percent of People with Each Score
Percentile by Number Answered
Your Score History
You have not taken this quiz